| 000 | 00584nam a2200205Ia 4500 | ||
|---|---|---|---|
| 008 | 191130s1997##################000#0#eng## | ||
| 020 | _a9780262611350 | ||
| 040 |
_aACL _cACL |
||
| 082 | _a338.9 KRU | ||
| 100 | _aKrugman, Paul | ||
| 245 |
_aDevelopment, geography, and economic theory _cPaul Krugman |
||
| 260 |
_aLondon _b[publisher not identified] _c1997 |
||
| 300 | _aix, 117p. : maps | ||
| 500 | _aIncludes index | ||
| 650 | _aDevelopment economics | ||
| 650 | _aEconomic geography | ||
| 990 | _a8a6bdf3cac10000c5fb8372bf44aa632 | ||
| 991 | _a199282 | ||
| 999 |
_c148636 _d148636 |
||